000 00812nam a2200265Ia 4500
003 OSt
005 20220928115102.0
006 a|||||r|||| 00| 0
007 ta
008 220927b |||||||| |||| 00| 0 eng d
020 _c6894
024 _a109484
037 _b3207, 06/10/2010, New India Book Agency
_cTextual
040 _aSDCL
_cSDCL
_beng
041 _2eng
_aeng
082 _aK871,7:f3, Q0
100 _aZhang Bing Ed.
_9442993
245 0 _aDrosophila neurobiology
_b A laboratory manual.
260 _aNew York
_b CSH Press
_c2010
300 _ax,534p.
_ccm.
650 _aGenetics
700 _a Freeman Marc R Ed.
_9442994
942 _hK871,7:f3, Q0
_cTEXL
_2CC
999 _c758161
_d758161